Представление документа в формате RUSMARC

ПолеНазваниеЗначение
  Тип записи a
  Библиографический уровень m
001 Контрольный номер RU\NLR\BIBL_A\010866686
005 Дата корректировки 20201206205013.3
010 Индекс ISBN __
a ISBN 978-5-389-08175-8 (в пер.)
d Цена 360-02
100 Данные общей обработки __
a Данные общей обработки 19160622d2015||||||| 0rusy0189 ca
101 Язык документа 1_
a Язык текста rus
c Язык оригинала eng
102 Страна публикации __
a Страна публикации RU|
105 Кодированные данные (монография) __
a Кодированные данные (монография) ||||||||000zy
200 Заглавие и сведения об ответственности 1_
a Заглавие Призрак замка Тракстон-Холл
e Сведения, относящиеся к заглавию мистические записки сэра Артура Конан Дойла : [роман : 16+]
f Первые сведения об ответственности Вон Энтвистл ; [перевод с английского Н. Машкиной]
b Общее обозначение материала Текст
210 Выходные данные __
a Место издания Санкт-Петербург
c Издательство Азбука
d Дата издания 2015
215 Физическое описание __
a Объем 285, [1] с.
d Формат 22 см
225 Серия __
a Серия Звезды мирового детектива
300 Общие примечания __
a Общие примечания 3000 экз.
330 Аннотация __
a Аннотация Увлеченная оккультизмом красавица узнает, что через две недели она будет застрелена во время спиритического сеанса. Пожалуй, предотвратить такое сверхъестественное преступление смог бы только один человек во всей Англии - мистер Шерлок Холмс. Но великий сыщик не в силах помочь по двум причинам: во-первых, он вымышленный литературный персонаж, тогда как дело происходит в реальном мире, а во-вторых, "родной отец" Конан Дойл только что сбросил его в пропасть с Рейхенбахского водопада, чем вызвал бурю читательского негодования. Сэру Артуру ничего не остается, как самому отправиться в замок Тракстон-Холл, где должна разыграться криминальная драма. А поможет ему с разгадкой тайны другой гениальный писатель, его друг Оскар Уайльд.
333 Примечание о целевом назначении __
a Примечание о целевом назначении 16+. Для детей старше 16 лет
606 Тематические рубрики __
a Основная рубрика Художественная литература
606 Тематические рубрики __
a Основная рубрика Литература Европы (произведения)
y Географическая подрубрика Англия
y Географическая подрубрика Великобритания
610 Ключевые слова __
a Ключевые слова английская литература
a Ключевые слова детективная литература
a Ключевые слова детективные романы
a Ключевые слова детективы
a Ключевые слова зарубежная литература
a Ключевые слова иностранная литература
a Ключевые слова романы
a Ключевые слова тема мистики
a Ключевые слова тема преступлений
a Ключевые слова тема расследований
a Ключевые слова тема тайн
686 Индексы других классификаций __
2 Код системы rubbks
a Классификационный индекс 84(4Вел)6-445; ст84(4Вел)-4
700 Автор _1
a Фамилия Энтвистл
b Имя В.
g Полное личное имя Вон
4 Код отношения 070
702 Вторичная интеллектуальная ответственность _1
a Фамилия Машкина
b Имя Н.
4 Код отношения Переводчик
4 Код отношения 730
801 Источник записи _0
a Страна RU
b Организация Муниципальное бюджетное учреждение культуры "Централизованная библиотечная система" г. Сургут (Центральная городская библиотека им. А. С. Пушкина)
c Дата составления 20160622
g Правила каталогизации КиК/Апакова
801 Источник записи _1
a Страна RU
b Организация Муниципальное бюджетное учреждение культуры "Централизованная библиотечная система" г. Сургут (Центральная городская библиотека им. А. С. Пушкина)
c Дата составления 20160622
g Правила каталогизации КиК/Апакова
852 Данные о местонахождении __
j Шифр хранения 84(4Вел)6-445
i Авторский знак Э 67
901 Тип документа __
t Тип документа m
903 Характеристики (МАРС) __
a Дата передачи 20160622
990 Данные о заказе (DOS) __
j Количество экземпляров (DOS) 11
t N записи в КСУ для И/У (DOS) 201607